000 00958nam a2200229Ia 4500
999 _c51139
_d51139
001 18096
003 GE_BSU
005 20230517111045.0
008 181216s2010||||ge |||||||||||||| ||geo||
020 _a1512-4991
040 _cGE_BSU
041 _ageo
080 _a378(063) ნ-63
245 _aნიკო ბერძენიშვილის ინსტიტუტი :
_bშრომები. IX /
_cრედ. ვ. შამილაძე; შოთა რუსთაველის სახ. უნ-ტი.ნიკო ბერძენიშვილის ინსტიტუტი.
264 _aბათუმი :
_bშოთა რუსთაველის სახ. უნ-ტი,
_c2010.
300 _a282 გვ.;
_b27სმ.
541 _h10ლ.
653 _aშრომები
653 _aისტორია
700 _aშამილაძე, ვ.
_eრედაქტორი
_93471
942 _cBK
_2udc